[Event "North American Open"]
[Site "Las Vegas"]
[Date "2011.12.29"]
[Round "7"]
[White "Troff, Kayden"]
[Black "Kelley, Dereque"]
[Result "1/2-1/2"]
[WhiteElo "2359"]
[BlackElo "2273"]
[PlyCount "118"]
[EventDate "2011.12.??"]
[EventType "swiss"]
[EventRounds "7"]
[EventCountry "USA"]
[Source "MonRoi"]

1. d4 Nf6 2. c4 e6 3. Nf3 d5 4. g3 dxc4 5. Bg2 Nc6 6. O-O Rb8 7. Nc3 b5 8. Ne5
Nxe5 9. dxe5 Nd7 10. Qd4 c5 11. Qf4 Qc7 12. a4 bxa4 13. Rxa4 Nxe5 14. Rd1 Be7
15. Qe4 Bd7 16. Bf4 f6 17. Bxe5 fxe5 18. Rxc4 Rxb2 19. Bf3 O-O 20. Nd5 exd5 21.
Qxd5+ Kh8 22. Qxd7 Qxd7 23. Rxd7 Bf6 24. Rxa7 Rd2 25. Rc7 Rd4 26. R7xc5 Rxc4
27. Rxc4 Rd8 28. Be4 Kg8 29. Kg2 Rd4 30. Rc8+ Rd8 31. Rc5 Rd4 32. f3 Rd7 33. h4
g6 34. Kh3 Kf7 35. h5 Kg7 36. Kg4 Rf7 37. Rc6 Kh6 38. Bd3 gxh5+ 39. Kf5 Kg7 40.
Bc4 Rf8 41. Rc7+ Kh6 42. Bf7 Bh8 43. e4 Kg7 44. Ke6 Kh6 45. Rc1 h4 46. Rh1 Kg7
47. Rxh4 Rxf7 48. Rxh7+ Kxh7 49. Kxf7 Kh6 50. f4 Kh5 51. Ke6 Kg6 52. fxe5 Bg7
53. Kd6 Kf7 54. g4 Bf8+ 55. Kd7 Be7 56. e6+ Kf8 57. Kc6 Bf6 58. Kd7 Be7 59. Kc6
Bf6 1/2-1/2

[Event "North American Open"]
[Site "Las Vegas"]
[Date "2011.12.29"]
[Round "7"]
[White "Pearson, Michael"]
[Black "Veech, John"]
[Result "1-0"]
[WhiteElo "2344"]
[BlackElo "2202"]
[PlyCount "49"]
[EventDate "2011.12.??"]
[EventType "swiss"]
[EventRounds "7"]
[EventCountry "USA"]
[Source "MonRoi"]

1. e4 c5 2. Nf3 d6 3. d4 cxd4 4. Nxd4 Nf6 5. Nc3 a6 6. a4 Nc6 7. Bc4 e6 8. O-O
Be7 9. Kh1 O-O 10. f4 Qc7 11. Ba2 b6 12. f5 Nxd4 13. Qxd4 e5 14. Qd3 Bb7 15.
Bb3 Bc6 16. Bg5 Ne8 17. Bxe7 Qxe7 18. Bd5 Bb7 19. Rad1 Rd8 20. f6 Nxf6 21. Rxf6
gxf6 22. Qg3+ Kh8 23. Bxb7 Qxb7 24. Qh4 d5 25. Rd3 1-0

[Event "North American Open"]
[Site "Las Vegas"]
[Date "2011.12.29"]
[Round "7"]
[White "Semyonov, Vladimir"]
[Black "He, Tommy"]
[Result "1-0"]
[WhiteElo "2060"]
[BlackElo "2133"]
[PlyCount "63"]
[EventDate "2011.12.??"]
[EventType "swiss"]
[EventRounds "7"]
[EventCountry "USA"]
[Source "MonRoi"]

1. c4 Nf6 2. g3 e6 3. Bg2 d5 4. Nf3 Be7 5. O-O O-O 6. b3 c5 7. e3 Nc6 8. Bb2 b6
9. Qe2 Bb7 10. d3 Qc7 11. Nc3 a6 12. Rac1 Rfd8 13. Rfd1 Rac8 14. cxd5 exd5 15.
d4 Na5 16. dxc5 bxc5 17. Bh3 Ra8 18. Na4 Ne4 19. Nd4 c4 20. Nf5 Bf6 21. Bxf6
Nxf6 22. b4 Nc6 23. a3 Ne5 24. f4 Nd3 25. Qxd3 Bc6 26. Qc2 Re8 27. Re1 Bd7 28.
Nc5 Bc8 29. Bg2 Rb8 30. Nd4 a5 31. Rb1 axb4 32. axb4 1-0

[Event "North American Open"]
[Site "Las Vegas"]
[Date "2011.12.29"]
[Round "7"]
[White "Wijaja, William"]
[Black "Banerjee, Abhimanyu"]
[Result "0-1"]
[WhiteElo "1891"]
[BlackElo "1621"]
[PlyCount "72"]
[EventDate "2011.12.??"]
[EventType "swiss"]
[EventRounds "7"]
[EventCountry "USA"]
[Source "MonRoi"]

1. e4 c6 2. d4 d5 3. e5 c5 4. c3 Nc6 5. f4 Bf5 6. Nf3 Bg4 7. Be2 Bxf3 8. Bxf3
e6 9. Be3 Nge7 10. O-O Nf5 11. Bf2 cxd4 12. cxd4 Qb6 13. Nc3 Nfxd4 14. Kh1 Qb4
15. a3 Qc4 16. Rc1 Nxf3 17. Qxf3 Qa6 18. Rfe1 Be7 19. f5 O-O 20. g4 d4 21. f6
dxc3 22. fxg7 Kxg7 23. Rxc3 Nxe5 24. Rxe5 Bf6 25. Bd4 Bxe5 26. Bxe5+ f6 27.
Rc7+ Kh6 28. Bxf6 Qa5 29. g5+ Kg6 30. Qe4+ Qf5 31. Rg7+ Kh5 32. Rxh7+ Kg6 33.
Rg7+ Kh5 34. Qe2+ Qg4 35. Rh7+ Kg6 36. Rh6+ Kf7 0-1